[Event "POL-chT Academic"]
[Site "Katowice"]
[Date "2020.11.15"]
[Round "7.14"]
[White "Kanicki, Krzysztof"]
[Black "Mucha, Piotr"]
[Result "0-1"]
[WhiteElo "2136"]
[BlackElo "2152"]
[PlyCount "78"]
[EventDate "2020.11.14"]
[EventType "team-swiss (rapid)"]
[EventRounds "9"]
[EventCountry "POL"]
[SourceTitle "CBM 199 Extra"]
[Source "ChessBase"]
[SourceDate "2021.01.31"]
[SourceVersion "1"]
[SourceVersionDate "2021.01.31"]
[SourceQuality "1"]
[WhiteTeam "Wroclaw University"]
[BlackTeam "Krakow Jagiellonski Univ"]
[WhiteTeamCountry "POL"]
[BlackTeamCountry "POL"]

1. e4 e6 2. d4 d5 3. Nd2 Nf6 4. e5 Nfd7 5. Bd3 c5 6. c3 Nc6 7. Ne2 cxd4 8. cxd4 f6 9. exf6 Nxf6 10. Nf3 Bd6 11. 0-0 Qc7 12. Bg5 0-0 13. Bh4 Bd7 14. Bg3 Nh5 15. Bxd6 Qxd6 16. Qd2 h6 17. Rad1 Rf6 18. Bb1 Be8 19. Rfe1 Bg6 20. Ng3 Nf4 21. Ne5 Bxb1 22. Rxb1 Raf8 23. f3 h5 24. Nxc6 Qxc6 25. Re5 Rg6 26. Kf2 h4 27. Rg1 Qa6 28. Re3 hxg3+ 29. hxg3 Nh5 30. Qc2 Rh6 31. Rh1 Qd6 32. g4 Qg3+ 33. Kg1 Nf4 34. Rxh6 gxh6 35. Kf1 Qh2 36. Qc7 Qxg2+ 37. Ke1 Qg1+ 38. Kd2 Qf2+ 39. Kd1 Qxe3 0-1

[Event "POL-chT Academic"]
[Site "Katowice"]
[Date "2020.11.15"]
[Round "6.20"]
[White "Mucha, Piotr"]
[Black "Kindler, Przemyslaw"]
[Result "1-0"]
[WhiteElo "2152"]
[BlackElo "2096"]
[PlyCount "67"]
[EventDate "2020.11.14"]
[EventType "team-swiss (rapid)"]
[EventRounds "9"]
[EventCountry "POL"]
[SourceTitle "CBM 199 Extra"]
[Source "ChessBase"]
[SourceDate "2021.01.31"]
[SourceVersion "1"]
[SourceVersionDate "2021.01.31"]
[SourceQuality "1"]
[WhiteTeam "Krakow Jagiellonski Univ"]
[BlackTeam "Gdansk Politechnika"]
[WhiteTeamCountry "POL"]
[BlackTeamCountry "POL"]

1. e4 d6 2. d4 Nf6 3. Nc3 Nbd7 4. f4 e5 5. Nf3 exd4 6. Qxd4 g6 7. Bc4 Bg7 8. e5 Ng4 9. h3 dxe5 10. Bxf7+ Kxf7 11. Qc4+ Ke8 12. hxg4 Nb6 13. Qe4 Bxg4 14. Nxe5 Bxe5 15. fxe5 Bf5 16. Qxb7 Qd4 17. Qxc7 Rd8 18. Bg5 Qd7 19. Qxd8+ Qxd8 20. Bxd8 Kxd8 21. 0-0-0+ Kc8 22. Nd5 Nxd5 23. Rxd5 h5 24. Re1 Kb7 25. e6 Re8 26. e7 Kc7 27. Re3 a6 28. c4 Kc8 29. b4 Kc7 30. a4 Bd7 31. b5 axb5 32. axb5 Kc8 33. Kb2 Kc7 34. Kc3 1-0

[Event "POL-ch Academic"]
[Site "Katowice"]
[Date "2020.11.13"]
[Round "5"]
[White "Mucha, Piotr"]
[Black "Blaszkiewicz, Mateusz"]
[Result "0-1"]
[WhiteElo "2152"]
[BlackElo "1818"]
[PlyCount "66"]
[EventDate "2020.11.13"]
[EventType "swiss (rapid)"]
[EventRounds "9"]
[EventCountry "POL"]
[SourceTitle "CBM 199 Extra"]
[Source "ChessBase"]
[SourceDate "2021.01.31"]
[SourceVersion "1"]
[SourceVersionDate "2021.01.31"]
[SourceQuality "1"]

1. e4 c5 2. Nc3 Nc6 3. f4 g6 4. Nf3 e6 5. Bb5 Nge7 6. 0-0 Bg7 7. d3 0-0 8. Qe1 a6 9. Bxc6 Nxc6 10. Qg3 d6 11. Be3 b5 12. e5 Bb7 13. Ne4 dxe5 14. Nxc5 exf4 15. Qxf4 Rb8 16. Nxb7 Rxb7 17. Bc5 Re8 18. d4 Qd5 19. c3 e5 20. Qe3 Re6 21. Qf2 Rd7 22. dxe5 Nxe5 23. Nxe5 Bxe5 24. Rae1 Rf6 25. Qe3 Rxf1+ 26. Kxf1 f6 27. a3 Qd2 28. Qxd2 Rxd2 29. Re2 Rxe2 30. Kxe2 Bxh2 31. Kd3 Kf7 32. c4 Ke6 33. cxb5 axb5 0-1

[Event "POL-ch Academic"]
[Site "Katowice"]
[Date "2020.11.13"]
[Round "3"]
[White "Mucha, Piotr"]
[Black "Kowalec, Maciej"]
[Result "1-0"]
[WhiteElo "2152"]
[BlackElo "2109"]
[PlyCount "79"]
[EventDate "2020.11.13"]
[EventType "swiss (rapid)"]
[EventRounds "9"]
[EventCountry "POL"]
[SourceTitle "CBM 199 Extra"]
[Source "ChessBase"]
[SourceDate "2021.01.31"]
[SourceVersion "1"]
[SourceVersionDate "2021.01.31"]
[SourceQuality "1"]

1. e4 e6 2. Qe2 c5 3. Nf3 Nc6 4. g3 Be7 5. Bg2 d5 6. d3 Nf6 7. 0-0 h6 8. b3 b6 9. Bb2 Bb7 10. Nbd2 d4 11. c3 e5 12. cxd4 cxd4 13. Nh4 0-0 14. Nf5 Kh7 15. f4 Ba6 16. a3 g6 17. Nxe7 Qxe7 18. Rac1 Rac8 19. b4 Nd7 20. Bh3 Rc7 21. Rc2 Bb5 22. Nc4 f6 23. Rcc1 Kg7 24. Qd1 Bxc4 25. Rxc4 b5 26. Rc2 Rfc8 27. Qc1 Qd6 28. Qd2 Ne7 29. Rxc7 Rxc7 30. Bc1 g5 31. fxg5 hxg5 32. Qf2 Nb6 33. Bxg5 Ng8 34. Bd2 Na4 35. Bf5 Rc2 36. Bh6+ Nxh6 37. Qxc2 Nb6 38. Qc5 Qxc5 39. bxc5 Na4 40. c6 1-0

[Event "POL-chT Academic"]
[Site "Katowice"]
[Date "2018.02.04"]
[Round "8.15"]
[White "Mucha, Piotr"]
[Black "Siwiec, Arkadiusz"]
[Result "0-1"]
[WhiteElo "2168"]
[BlackElo "2206"]
[PlyCount "128"]
[EventDate "2018.02.03"]
[EventType "team-swiss (rapid)"]
[EventRounds "9"]
[EventCountry "POL"]
[SourceTitle "CBM 182 Extra"]
[Source "ChessBase"]
[SourceDate "2018.02.23"]
[SourceVersion "1"]
[SourceVersionDate "2018.02.23"]
[SourceQuality "1"]
[WhiteTeam "Krakow UJ"]
[BlackTeam "Warszawa UW"]
[WhiteTeamCountry "POL"]
[BlackTeamCountry "POL"]

1. e4 c5 2. Nc3 d6 3. Bb5+ Bd7 4. Bxd7+ Nxd7 5. f4 g6 6. Nf3 Bg7 7. 0-0 e6 8. d4 Ne7 9. dxc5 Nxc5 10. Qe2 0-0 11. Kh1 Qb6 12. Rd1 Rfd8 13. Nd2 Qa6 14. Qe3 Rac8 15. Nb3 Na4 16. Nxa4 Qxa4 17. c3 a6 18. Qf3 Nc6 19. Be3 Bf8 20. Bb6 Re8 21. Nd4 Nxd4 22. Rxd4 Qc6 23. Ba5 e5 24. Rd5 exf4 25. Qxf4 Re6 26. Rf1 Qe8 27. Rd4 Rc5 28. Bb4 Rce5 29. Qd2 Rxe4 30. Rxe4 Rxe4 31. h3 Re2 32. Qd5 Qd7 33. Ba3 Re5 34. Qd4 Qc6 35. Qd2 Qd5 36. Qxd5 Rxd5 37. Rf2 Rd1+ 38. Kh2 d5 39. Bxf8 Kxf8 40. Kg3 Ke7 41. Kf3 Re1 42. Rd2 Ke6 43. Kf2 Re5 44. Kf3 f5 45. g4 fxg4+ 46. hxg4 h5 47. gxh5 Rxh5 48. Rg2 Kf6 49. Rd2 b5 50. Re2 Re5 51. Rh2 Rh5 52. Re2 Rh4 53. Kg3 Re4 54. Rxe4 dxe4 55. Kf4 e3 56. Kxe3 Ke5 57. b3 a5 58. Kf3 Kf5 59. Kg3 Ke4 60. Kg4 Kd3 61. c4 bxc4 62. bxc4 Kxc4 63. Kg5 Kb4 64. Kxg6 Ka3 0-1

[Event "POL-chT Academic"]
[Site "Katowice"]
[Date "2018.02.03"]
[Round "4.3"]
[White "Mucha, Piotr"]
[Black "Khamidov, Komil"]
[Result "1-0"]
[WhiteElo "2168"]
[BlackElo "2068"]
[PlyCount "111"]
[EventDate "2018.02.03"]
[EventType "team-swiss (rapid)"]
[EventRounds "9"]
[EventCountry "POL"]
[SourceTitle "CBM 182 Extra"]
[Source "ChessBase"]
[SourceDate "2018.02.23"]
[SourceVersion "1"]
[SourceVersionDate "2018.02.23"]
[SourceQuality "1"]
[WhiteTeam "Krakow UJ"]
[BlackTeam "Warszawa ALK"]
[WhiteTeamCountry "POL"]
[BlackTeamCountry "POL"]

1. e4 e5 2. Nf3 Nc6 3. Bb5 a6 4. Ba4 Nf6 5. d3 b5 6. Bb3 Bc5 7. 0-0 d6 8. a4 Rb8 9. h3 h6 10. c3 0-0 11. d4 Bb6 12. Re1 Bb7 13. axb5 axb5 14. Na3 Re8 15. d5 Na7 16. Be3 c6 17. Nc2 Nc8 18. Bxb6 Nxb6 19. Nb4 cxd5 20. exd5 Ra8 21. Qd2 Qc7 22. Nh4 Nc4 23. Bxc4 Qxc4 24. Nf5 Qc5 25. Rad1 Kh7 26. Qd3 g6 27. Ng3 Ra4 28. h4 Kg7 29. Qf3 Rxb4 30. cxb4 Qxb4 31. h5 Qxb2 32. Rb1 Qa2 33. Rxb5 Bxd5 34. Qe3 Ng4 35. Qe2 Qxe2 36. Nxe2 Bc4 37. Rb4 d5 38. hxg6 Kxg6 39. Nc3 Nf6 40. Na4 Nd7 41. Rb7 Re7 42. Nc3 d4 43. Ne4 Bd5 44. Rc7 Bxe4 45. Rxe4 f5 46. Re1 Kf6 47. Rb1 d3 48. Kf1 e4 49. Rbb7 Ke6 50. Rc6+ Kd5 51. Rxh6 Kc4 52. Ke1 Kc3 53. Rc6+ Kd4 54. Rd6+ Kc3 55. Rbxd7 Re8 56. Rc7+ 1-0

[Event "Bialystok Zamenhof Memorial-B 36th"]
[Site "Bialystok"]
[Date "2017.12.30"]
[Round "8"]
[White "Mucha, Piotr"]
[Black "Obuhov, Filipp"]
[Result "1/2-1/2"]
[WhiteElo "2165"]
[BlackElo "2103"]
[PlyCount "85"]
[EventDate "2017.12.27"]
[EventType "swiss"]
[EventRounds "9"]
[EventCountry "POL"]
[SourceTitle "CBM 182 Extra"]
[Source "ChessBase"]
[SourceDate "2018.02.23"]
[SourceVersion "1"]
[SourceVersionDate "2018.02.23"]
[SourceQuality "1"]

1. e4 c5 2. Nc3 e6 3. Nf3 d6 4. d4 cxd4 5. Nxd4 a6 6. Bd3 Nf6 7. 0-0 Qc7 8. Kh1 b5 9. f4 Bb7 10. Qf3 Nbd7 11. a3 Be7 12. Bd2 Rc8 13. Rae1 h5 14. Qh3 Nc5 15. b4 Ncd7 16. e5 Ng4 17. f5 dxe5 18. fxe6 Ndf6 19. exf7+ Kxf7 20. Nf5 Kg8 21. Ne4 Bxe4 22. Bxe4 Nxe4 23. Rxe4 Bf6 24. c3 Rd8 25. Be1 g6 26. Rxg4 hxg4 27. Qxg4 Qh7 28. Bh4 Qh5 29. Ne7+ Bxe7 30. Qe6+ Kh7 31. Bxe7 Rd1 32. Qf7+ Kh6 33. Bg5+ Qxg5 34. Rxd1 Rd8 35. Rf1 Qg4 36. h3 Qd7 37. Qf2 Qe7 38. Kh2 Kg7 39. Qe3 e4 40. Rf4 Rd3 41. Qxe4 Qxe4 42. Rxe4 Rxc3 43. a4 1/2-1/2

[Event "Bialystok Zamenhof Memorial-B 36th"]
[Site "Bialystok"]
[Date "2017.12.30"]
[Round "7"]
[White "Papunidi, Matvey"]
[Black "Mucha, Piotr"]
[Result "0-1"]
[WhiteElo "2002"]
[BlackElo "2165"]
[PlyCount "90"]
[EventDate "2017.12.27"]
[EventType "swiss"]
[EventRounds "9"]
[EventCountry "POL"]
[SourceTitle "CBM 182 Extra"]
[Source "ChessBase"]
[SourceDate "2018.02.23"]
[SourceVersion "1"]
[SourceVersionDate "2018.02.23"]
[SourceQuality "1"]

1. d4 Nf6 2. Nf3 d5 3. Bf4 c5 4. e3 Nc6 5. c3 Nh5 6. Bg3 Nxg3 7. hxg3 Bg4 8. Qb3 Qd7 9. Nbd2 f6 10. Qc2 e5 11. dxe5 fxe5 12. 0-0-0 0-0-0 13. Bb5 e4 14. Nxe4 Bf5 15. Bd3 dxe4 16. Bxe4 Bxe4 17. Qxe4 Bd6 18. Rh5 Qe7 19. Qg4+ Kb8 20. Rhd5 Qf6 21. Rf5 Qe7 22. Rfd5 Ne5 23. Nxe5 Bxe5 24. Rd7 Rxd7 25. Rxd7 Qe8 26. e4 h5 27. Qd1 Bd4 28. Qa4 a6 29. cxd4 b5 30. Qxa6 Qxd7 31. Qb6+ Qb7 32. Qd6+ Qc7 33. Qa6 cxd4+ 34. Kd1 Qb7 35. Qd6+ Ka8 36. Qa3+ Qa7 37. Qd6 Rc8 38. e5 Qc5 39. Qxc5 Rxc5 40. f4 Kb7 41. Kd2 Kc6 42. Kd3 Kd5 43. e6 Kxe6 44. Kxd4 Rc2 45. b4 Rc4+ 0-1

[Event "Bialystok Zamenhof Memorial-B 36th"]
[Site "Bialystok"]
[Date "2017.12.29"]
[Round "5"]
[White "Ocytko, Andrzej"]
[Black "Mucha, Piotr"]
[Result "1-0"]
[WhiteElo "2143"]
[BlackElo "2165"]
[PlyCount "45"]
[EventDate "2017.12.27"]
[EventType "swiss"]
[EventRounds "9"]
[EventCountry "POL"]
[SourceTitle "CBM 182 Extra"]
[Source "ChessBase"]
[SourceDate "2018.02.23"]
[SourceVersion "1"]
[SourceVersionDate "2018.02.23"]
[SourceQuality "1"]

1. d4 d5 2. Nf3 Nf6 3. e3 c5 4. c4 g6 5. Nc3 Bg7 6. dxc5 Qa5 7. Bd2 dxc4 8. Bxc4 Qxc5 9. Qb3 0-0 10. Rc1 Nc6 11. Nd5 Qd6 12. Nxf6+ Bxf6 13. 0-0 Bg4 14. Rfd1 Bxf3 15. gxf3 Qd7 16. Bf1 Ne5 17. e4 Rfd8 18. Ba5 Qe8 19. Bxd8 Rxd8 20. f4 Nc6 21. e5 Bg7 22. Rxd8 Qxd8 23. Qxb7 1-0

[Event "Bialystok Zamenhof Memorial-B 36th"]
[Site "Bialystok"]
[Date "2017.12.27"]
[Round "2"]
[White "Mucha, Piotr"]
[Black "Vasilenko, Ekaterina"]
[Result "1-0"]
[WhiteElo "2165"]
[BlackElo "1809"]
[PlyCount "73"]
[EventDate "2017.12.27"]
[EventType "swiss"]
[EventRounds "9"]
[EventCountry "POL"]
[SourceTitle "CBM 182 Extra"]
[Source "ChessBase"]
[SourceDate "2018.02.23"]
[SourceVersion "1"]
[SourceVersionDate "2018.02.23"]
[SourceQuality "1"]

1. e4 e6 2. Qe2 c5 3. Nf3 Nc6 4. g3 d6 5. Bg2 g6 6. 0-0 Bg7 7. c3 Nge7 8. Rd1 0-0 9. d4 b6 10. Bf4 cxd4 11. cxd4 Bb7 12. Nc3 a6 13. d5 exd5 14. exd5 Nb4 15. Ne4 Nbxd5 16. Bxd6 f5 17. Nc5 bxc5 18. Qe6+ Kh8 19. Ng5 Bf6 20. Bxd5 Bxd5 21. Rxd5 Nxd5 22. Bxf8 Bxg5 23. Bd6 Nf6 24. Be5 Kg7 25. h4 Bh6 26. Kh2 Ra7 27. Rd1 Qe7 28. Qb6 Ra8 29. Bxf6+ Qxf6 30. Qb7+ Kg8 31. Qxa8+ Bf8 32. Qd5+ Kh8 33. Qd8 Qg7 34. Rd7 Qh6 35. Qf6+ Kg8 36. Qf7+ Kh8 37. Rd8 1-0

[Event "Suwalki Warakomska Memorial-A 1st"]
[Site "Suwalki"]
[Date "2017.08.13"]
[Round "4"]
[White "Szustakowski, Antoni"]
[Black "Mucha, Piotr"]
[Result "1-0"]
[WhiteElo "2235"]
[BlackElo "2155"]
[PlyCount "91"]
[EventDate "2017.08.11"]
[EventType "swiss"]
[EventRounds "9"]
[EventCountry "POL"]
[SourceTitle "CBM 180 Extra"]
[Source "ChessBase"]
[SourceDate "2017.10.06"]
[SourceVersion "1"]
[SourceVersionDate "2017.10.06"]
[SourceQuality "1"]

1. d4 d5 2. c4 c6 3. Nc3 Nf6 4. Nf3 dxc4 5. a4 Bf5 6. e3 e6 7. Bxc4 Bb4 8. 0-0 Nbd7 9. Qe2 Bg6 10. e4 0-0 11. Bd3 Bh5 12. e5 Nd5 13. Nxd5 cxd5 14. Qe3 Be7 15. Bd2 Rc8 16. Rac1 Bg6 17. Bxg6 hxg6 18. Rxc8 Qxc8 19. Rc1 Qb8 20. Qc3 Nb6 21. Qc7 Re8 22. b3 Na8 23. Qd7 Nb6 24. Qb5 Rc8 25. a5 Rxc1+ 26. Bxc1 Qc8 27. Bd2 Na8 28. h4 Nc7 29. Qd3 a6 30. g4 Nb5 31. h5 gxh5 32. gxh5 Qe8 33. h6 gxh6 34. Bxh6 Kh8 35. Kf1 Qg8 36. Qe3 Qg4 37. Bf4 Qh3+ 38. Kg1 Bb4 39. Bg5 Qg4+ 40. Kh2 Nc3 41. Bf6+ Kh7 42. Ng5+ Kg6 43. f3 Qf5 44. Nh3 Qc2+ 45. Kg3 Ne2+ 46. Qxe2 1-0

[Event "Suwalki Warakomska Memorial-A 1st"]
[Site "Suwalki"]
[Date "2017.??.??"]
[Round "9"]
[White "Mucha, Piotr"]
[Black "Goluch, Piotr"]
[Result "1/2-1/2"]
[WhiteElo "2155"]
[BlackElo "2360"]
[PlyCount "102"]
[EventDate "2017.08.11"]
[EventType "swiss"]
[EventRounds "9"]
[EventCountry "POL"]
[SourceTitle "CBM 180 Extra"]
[Source "ChessBase"]
[SourceDate "2017.10.06"]
[SourceVersion "1"]
[SourceVersionDate "2017.10.06"]
[SourceQuality "1"]

1. e4 c5 2. Nc3 Nc6 3. f4 g6 4. Bb5 Nd4 5. Nf3 Bg7 6. Nxd4 cxd4 7. Ne2 Qb6 8. Bd3 Nf6 9. 0-0 Nxe4 10. Bxe4 d3+ 11. Kh1 dxe2 12. Qxe2 0-0 13. f5 Qc5 14. c3 d6 15. d4 Qc7 16. Bg5 Bxf5 17. Bxf5 gxf5 18. Rxf5 Rae8 19. Raf1 f6 20. Qe6+ Kh8 21. Be3 Qc8 22. Qe4 Qc4 23. R1f3 Qe2 24. h3 Bh6 25. Rh5 Rg8 26. g4 Rg6 27. Rg3 d5 28. Qg2 Qe1+ 29. Qg1 Qxg1+ 30. Kxg1 Bg5 31. Bxg5 fxg5 32. Re3 e6 33. Kg2 Kg7 34. h4 gxh4 35. Rxd5 Rxg4+ 36. Kh3 Rf4 37. Rd7+ Rf7 38. Rxf7+ Kxf7 39. Re4 Kf6 40. Rxh4 Re7 41. Kg4 e5 42. d5 Kg6 43. Kf3 Kg5 44. Rh1 e4+ 45. Ke3 h5 46. c4 h4 47. d6 Rh7 48. Kxe4 Kf6 49. Kf4 Ke6 50. c5 Kd5 51. b4 a5 1/2-1/2

[Event "POL-chT 2nd League"]
[Site "Jastrzebia Gora"]
[Date "2016.09.08"]
[Round "6.64"]
[White "Kowalski, Maciej"]
[Black "Mucha, Piotr"]
[Result "0-1"]
[WhiteElo "2021"]
[BlackElo "2161"]
[PlyCount "64"]
[EventDate "2016.09.03"]
[EventType "team-swiss"]
[EventRounds "9"]
[EventCountry "POL"]
[SourceTitle "EXT 2017"]
[Source "ChessBase"]
[SourceDate "2016.10.25"]
[SourceVersion "1"]
[SourceVersionDate "2016.10.25"]
[SourceQuality "1"]
[WhiteTeam "Grzybowo GKSz Solny"]
[BlackTeam "Podlesie UKS 21"]
[WhiteTeamCountry "POL"]
[BlackTeamCountry "POL"]

1. f4 e5 2. fxe5 d6 3. exd6 Bxd6 4. Nf3 Bg4 5. e3 Nf6 6. Nc3 a6 7. Be2 Nc6 8. 0-0 Qe7 9. Nd4 Qe5 10. g3 Nxd4 11. Bxg4 h5 12. Bf3 Nxf3+ 13. Qxf3 h4 14. d4 Qe6 15. e4 hxg3 16. e5 0-0-0 17. hxg3 Rh3 18. exd6 Rdh8 19. Bf4 Rh1+ 20. Qxh1 Rxh1+ 21. Kxh1 g5 22. Be5 Qh3+ 23. Kg1 Ng4 24. Rxf7 Qh2+ 25. Kf1 Ne3+ 26. Ke1 Nxc2+ 27. Kf1 cxd6 28. Rc1 Qh1+ 29. Kf2 Qxc1 30. Bxd6 Qe1+ 31. Kg2 Ne3+ 32. Kh2 Qd2+ 0-1

[Event "POL-chT 2nd League"]
[Site "Jastrzebia Gora"]
[Date "2016.09.07"]
[Round "5.46"]
[White "Mucha, Piotr"]
[Black "Rams, Michal"]
[Result "0-1"]
[WhiteElo "2161"]
[BlackElo "2199"]
[PlyCount "88"]
[EventDate "2016.09.03"]
[EventType "team-swiss"]
[EventRounds "9"]
[EventCountry "POL"]
[SourceTitle "EXT 2017"]
[Source "ChessBase"]
[SourceDate "2016.10.25"]
[SourceVersion "1"]
[SourceVersionDate "2016.10.25"]
[SourceQuality "1"]
[WhiteTeam "Podlesie UKS 21"]
[BlackTeam "Warszawa YMCA"]
[WhiteTeamCountry "POL"]
[BlackTeamCountry "POL"]

1. e4 g6 2. d4 Bg7 3. Nc3 d6 4. f4 a6 5. Nf3 b5 6. Bd3 Nd7 7. e5 c5 8. Ng5 cxd4 9. e6 f5 10. Nd5 Nc5 11. Nf7 Bxe6 12. Nxd8 Bxd5 13. 0-0 Rxd8 14. Bd2 Nf6 15. Re1 Nfe4 16. Qe2 0-0 17. Bb4 Rc8 18. b3 Bf6 19. a4 Nxd3 20. Qxd3 Nc3 21. axb5 Be4 22. Qf1 Nd5 23. Bd2 axb5 24. Qxb5 Rc5 25. Qd7 Rxc2 26. Rxe4 fxe4 27. Qe6+ Kg7 28. Qxd5 Rxd2 29. Qxe4 Rc8 30. g4 h6 31. h4 Bxh4 32. g5 Rc7 33. Rf1 hxg5 34. f5 Rcc2 35. Qxe7+ Kh6 36. Qxd6 Kh5 37. Qd5 Bf2+ 38. Rxf2 Rxf2 39. fxg6 Rfd2 40. Qf3+ Kxg6 41. Qf1 Rg2+ 42. Qxg2 Rxg2+ 43. Kxg2 d3 44. Kf2 g4 0-1

[Event "POL-chT 2nd League"]
[Site "Jastrzebia Gora"]
[Date "2016.09.03"]
[Round "1.22"]
[White "Mucha, Piotr"]
[Black "Kowalczyk, Rafal"]
[Result "1-0"]
[WhiteElo "2161"]
[BlackElo "2241"]
[PlyCount "139"]
[EventDate "2016.09.03"]
[EventType "team-swiss"]
[EventRounds "9"]
[EventCountry "POL"]
[SourceTitle "EXT 2017"]
[Source "ChessBase"]
[SourceDate "2016.10.25"]
[SourceVersion "1"]
[SourceVersionDate "2016.10.25"]
[SourceQuality "1"]
[WhiteTeam "Podlesie UKS 21"]
[BlackTeam "Lodz Okucia Budowlane"]
[WhiteTeamCountry "POL"]
[BlackTeamCountry "POL"]

1. e4 e5 2. Nf3 Nc6 3. Bb5 a6 4. Ba4 Nf6 5. d3 d6 6. a3 Be7 7. Nc3 0-0 8. 0-0 b5 9. Bb3 Bg4 10. Be3 Qd7 11. Re1 Rab8 12. Ne2 Na5 13. Ba2 c5 14. Ng3 Bd8 15. h3 Be6 16. b4 Bxa2 17. Rxa2 cxb4 18. axb4 Nc6 19. Qd2 Ra8 20. Rea1 Qb7 21. Nf5 Be7 22. Bg5 Rfd8 23. Qc3 Kf8 24. Qb3 Rd7 25. c3 Bd8 26. Ne3 h6 27. Bh4 g5 28. Bg3 Ne7 29. Bxe5 dxe5 30. Nxe5 Ng6 31. Nxd7+ Nxd7 32. c4 Bf6 33. Rd1 bxc4 34. Nxc4 Nc5 35. Qa3 Ne6 36. b5+ Be7 37. bxa6 Qc6 38. Qa5 Bc5 39. Ne3 Ne7 40. Rc1 Qd6 41. Nf5 Qe5 42. Qc3 Qxc3 43. Rxc3 h5 44. Rc4 Ba7 45. Nd6 Nd4 46. Rb2 g4 47. Rb7 g3 48. Kf1 gxf2 49. Rxa7 Rxa7 50. Rxd4 Rxa6 51. Kxf2 Nc6 52. Rc4 Ne5 53. Rc8+ Ke7 54. Nf5+ Kd7 55. Rc3 Ra2+ 56. Kg3 Rd2 57. d4 Ng6 58. Ra3 Re2 59. Kf3 Rb2 60. Ra7+ Ke6 61. Ra6+ Kd7 62. e5 Rb3+ 63. Ke4 Rb2 64. Ra7+ Kd8 65. g3 Re2+ 66. Kf3 Rd2 67. Ke3 Rc2 68. Rxf7 h4 69. Rg7 Rc3+ 70. Ke4 1-0

[Event "Krakow op-A 26th"]
[Site "Krakow"]
[Date "2015.12.30"]
[Round "4"]
[White "Kokoszczynski, Jan"]
[Black "Mucha, Piotr"]
[Result "1/2-1/2"]
[WhiteElo "2059"]
[BlackElo "2147"]
[PlyCount "67"]
[EventDate "2015.12.27"]
[EventType "swiss"]
[EventRounds "9"]
[EventCountry "POL"]
[SourceTitle "CBM 170 Extra"]
[Source "ChessBase"]
[SourceDate "2016.02.25"]
[SourceVersion "1"]
[SourceVersionDate "2016.02.25"]
[SourceQuality "1"]

1. e4 e6 2. d4 d5 3. Nd2 Nf6 4. e5 Nfd7 5. Bd3 c5 6. c3 Nc6 7. Ne2 cxd4 8. cxd4 f6 9. exf6 Nxf6 10. Nf3 Bd6 11. 0-0 Qc7 12. Bg5 0-0 13. Qc2 h6 14. Bh4 Bd7 15. Bg3 Rac8 16. Rac1 Bxg3 17. hxg3 Qd6 18. Qd2 e5 19. dxe5 Nxe5 20. Nxe5 Qxe5 21. Nf4 Bf5 22. Bxf5 Qxf5 23. Qd4 Qe4 24. Qxe4 dxe4 25. Ng6 Rxc1 26. Rxc1 Rd8 27. Rc8 Rxc8 28. Ne7+ Kf8 29. Nxc8 a6 30. Kf1 b5 31. Nd6 Ke7 32. Nf5+ Kf7 33. Ke2 g6 34. Nd4 1/2-1/2

[Event "Krakow op-A 26th"]
[Site "Krakow"]
[Date "2015.12.28"]
[Round "2"]
[White "Mucha, Piotr"]
[Black "Licznerski, Lukasz"]
[Result "0-1"]
[WhiteElo "2147"]
[BlackElo "2327"]
[PlyCount "78"]
[EventDate "2015.12.27"]
[EventType "swiss"]
[EventRounds "9"]
[EventCountry "POL"]
[SourceTitle "CBM 170 Extra"]
[Source "ChessBase"]
[SourceDate "2016.02.25"]
[SourceVersion "1"]
[SourceVersionDate "2016.02.25"]
[SourceQuality "1"]

1. e4 d6 2. Nc3 c5 3. f4 Nc6 4. Nf3 Bg4 5. Bb5 e6 6. 0-0 Nge7 7. f5 a6 8. Bxc6+ Nxc6 9. fxe6 fxe6 10. h3 Bh5 11. Ne2 Be7 12. Nf4 Bf7 13. c3 0-0 14. d4 cxd4 15. cxd4 e5 16. dxe5 dxe5 17. Nd5 Bxd5 18. exd5 Bc5+ 19. Kh1 Nd4 20. Nxe5 Qxd5 21. Nf3 Rad8 22. Nxd4 Rxf1+ 23. Qxf1 Bxd4 24. Qe2 Qe5 25. Qc4+ Kh8 26. Bd2 Bxb2 27. Re1 Qg3 28. Qe4 h6 29. Re3 Qf2 30. Ba5 Rd1+ 31. Be1 Qf7 32. Rf3 Bf6 33. Kh2 Qe7 34. Qxe7 Bxe7 35. Bc3 Bd6+ 36. g3 Rc1 37. h4 Rc2+ 38. Kh3 Rxa2 39. Rf7 Ra3 0-1

[Event "POL-chT U19 46th"]
[Site "Ustron"]
[Date "2015.07.27"]
[Round "3.8"]
[White "Mucha, Piotr"]
[Black "Szostko, Jakub"]
[Result "1-0"]
[WhiteElo "2215"]
[BlackElo "2319"]
[PlyCount "75"]
[EventDate "2015.07.25"]
[EventType "team-tourn"]
[EventRounds "9"]
[EventCountry "POL"]
[SourceTitle "EXT 2018"]
[Source "ChessBase"]
[SourceDate "2017.10.13"]
[SourceVersion "1"]
[SourceVersionDate "2017.10.13"]
[SourceQuality "1"]
[WhiteTeam "Katowice Hetman Szopienice U19"]
[BlackTeam "Bialystok MUKS Stoczek 45 U19"]
[WhiteTeamCountry "POL"]
[BlackTeamCountry "POL"]

1. e4 c5 2. Nf3 e6 3. d4 cxd4 4. Nxd4 Nf6 5. Nc3 d6 6. g4 h6 7. h3 Nc6 8. Be3 Bd7 9. f4 a6 10. Qd2 Nxd4 11. Bxd4 Bc6 12. Bg2 Qa5 13. 0-0-0 e5 14. Be3 Be7 15. Kb1 b5 16. Qf2 Qc7 17. fxe5 dxe5 18. Bb6 Qb7 19. Bc5 b4 20. Nd5 Bxd5 21. exd5 Bxc5 22. Qxc5 Nd7 23. Qf2 Qb6 24. Qe2 Qd6 25. h4 0-0-0 26. Rhf1 f6 27. Rf3 Kb7 28. a3 Ka7 29. axb4 Qxb4 30. Rb3 Qd6 31. Rc3 Nb8 32. Qe3+ Ka8 33. Rdd3 Rc8 34. Rc6 Qd7 35. Rxc8 Rxc8 36. d6+ Nc6 37. Qb6 Qb7 38. Bxc6 1-0

[Event "POL-ch U18"]
[Site "Karpacz"]
[Date "2015.03.19"]
[Round "6"]
[White "Lizak, Jakub"]
[Black "Mucha, Piotr"]
[Result "0-1"]
[WhiteElo "2206"]
[BlackElo "2102"]
[PlyCount "56"]
[EventDate "2015.03.15"]
[EventType "swiss"]
[EventRounds "9"]
[EventCountry "POL"]
[SourceTitle "EXT 2017"]
[Source "ChessBase"]
[SourceDate "2016.10.25"]
[SourceVersion "1"]
[SourceVersionDate "2016.10.25"]
[SourceQuality "1"]

1. d4 c5 2. d5 e5 3. e4 d6 4. Nc3 Be7 5. a4 Bg5 6. Bxg5 Qxg5 7. Nf3 Qd8 8. Bb5+ Nd7 9. Nd2 a6 10. Bxd7+ Bxd7 11. Nc4 Qe7 12. 0-0 Nh6 13. a5 0-0 14. Ra3 f5 15. f3 fxe4 16. fxe4 Rxf1+ 17. Qxf1 Rf8 18. Qe1 Ng4 19. Rb3 Nf2 20. Nd1 Nxd1 21. Qxd1 Qh4 22. g3 Qf6 23. Qe1 Qh6 24. Ra3 Bg4 25. b4 cxb4 26. Qxb4 Bh3 27. Ra1 Qf6 28. Ne3 Qf2+ 0-1